书目信息 |
| 题名: |
网络和图的最优化算法
|
|
| 作者: | 米涅卡 , Minieka 著 ;李家滢 , 赵关旗 译 | |
| 分册: | ||
| 出版信息: | 北京 中国铁道出版社 1984 |
|
| 页数: | 338页 | |
| 开本: | 19cm | |
| 丛书名: | ||
| 单 册: | ||
| 中图分类: | O224 , O157.5 | |
| 科图分类: | ||
| 主题词: | 网络图-最优化算法 , 最优化算法-网络图 , 代数 , 数论 , 组合数学 | |
| 电子资源: | ||
| ISBN: | ||
| 000 | 01062nam0 2200361 45 | |
| 001 | 0184002474 | |
| 005 | 20040518084701.3 | |
| 010 | @dCNY1.25 | |
| 091 | @a15043.3170 | |
| 100 | @a19950628d1984 em y0chiy0121 ea | |
| 101 | 1 | @achi@ceng |
| 102 | @aCN@b110000 | |
| 105 | @ay z 000yy | |
| 106 | @ar | |
| 200 | 10 | @a网络和图的最优化算法@Awang luo he tu de zui you hua suan fa@f(美)米涅卡(E.Minieka)著@g李家滢, 赵关旗译 |
| 210 | @a北京@c中国铁道出版社@d1984 | |
| 215 | @a338页@d19cm | |
| 300 | @a书名原文:Optimization algorithms for network and graphs | |
| 510 | 1 | @aOptimization algorithms for network and graphs@zeng |
| 606 | @a网络图-最优化算法 | |
| 606 | @a最优化算法-网络图 | |
| 606 | 0 | @a代数 |
| 606 | 0 | @a数论 |
| 606 | 0 | @a组合数学 |
| 690 | @aO224@v3 | |
| 690 | @aO157.5 | |
| 701 | 1 | @a米涅卡@Ami nie ka@bE.@4著 |
| 701 | A1 | @aMinieka@bE.@4著 |
| 702 | 0 | @a李家滢@Ali jia ying@4译 |
| 702 | 0 | @a赵关旗@Azhao guan qi@4译 |
| 801 | 0 | @aCN@b上海图书馆@c20040518 |
| 801 | 2 | @aCN@bNLC@c20040518 |
| 905 | @f1@b107812@dO157.5@e25 | |
| 网络和图的最优化算法/(美)米涅卡(E.Minieka)著/李家滢, 赵关旗译.-北京:中国铁道出版社,1984 |
| 338页;19cm |
| 书名原文:Optimization algorithms for network and graphs |
| ISBN :CNY1.25 |
| ● |
| 相关链接 |
|
|
|
|
正题名:网络和图的最优化算法
索取号:O157.5/25
 
预约/预借
| 序号 | 登录号 | 条形码 | 馆藏地/架位号 | 状态 | 备注 |
| 1 | 0107812 | 000415198 | 第三借阅区/ [索取号:O157.5/25] | 在馆 | |
| 2 | 0107813 | 202097300 | 第二样本阅览室/ [索取号:O157.5/25] | 在馆 |